MARC

LEADER 00000nab a2200000 a 4500
001 vtls009940938
003 SK-MaSNL
005 20260303194830.0
008 231006|2009 xo mr|p||||||||00 b|slo
015 |a SNBRB2009/08  |2 snkbucl 
038 |a SNKBUCL 
040 |a SNKBUCL  |b slo  |e AACR2  |c SNKBUCL 
041 0 |a slo 
044 |a xo  |c SK 
080 |a 929.5:001.891  |2 2001 
080 |a (031)929  |2 2001 
080 |a 06.068  |2 2001 
100 1 |a Blanár, Juraj,  |d 1966-  |4 aut  |9 109706 
245 1 0 |a Cena a prémie Jozefa Miloslava Hurbana  |c Juraj Blanár 
300 |b Fotogr. 
600 1 7 |a Maťovčík, Augustín,  |d 1937-  |t Slovník slovenských spisovateľov 20. storočia  |2 snkbucl  |9 70179 
600 1 7 |a Cabadaj, Peter,  |d 1966-  |t Slovník slovenských spisovateľov 20. storočia  |2 snkbucl  |9 1227346 
600 1 7 |a Parenička, Pavol,  |d 1959-  |t Slovník slovenských spisovateľov 20. storočia  |2 snkbucl  |9 124847 
600 1 7 |a Leikert, Jozef,  |d 1955-  |t Taký bol Ladislav Mňačko  |2 snkbucl  |9 1227347 
600 1 7 |a Macek, Václav,  |d 1952-  |t Ján Kadár  |2 snkbucl  |9 1052667 
648 7 |a 2008  |2 snkbucl  |9 317238 
650 0 7 |a biografistika  |2 snkbucl  |9 74588 
650 0 7 |a biografické slovníky  |2 snkbucl  |9 376861 
650 0 7 |a biografie  |2 snkbucl  |9 111226 
650 0 7 |a literárne ceny  |2 snkbucl  |9 72846 
650 0 7 |a Cena Jozefa Miloslava Hurbana  |2 snkbucl  |9 200835 
650 0 7 |a Prémia Jozefa Miloslava Hurbana  |2 snkbucl  |9 200834 
773 0 |t Knižnica  |g Roč. 10, č. 7 (2009), s. 57-58  |x 1335-7026 
852 |a SNK  |b KIS3GCP 
856 4 1 |u http://www.snk.sk/images/snk/casopis_kniznica/2009/jul/57.pdf 
958 |a LX 
958 |a OND 
958 |a EUIPO 
999 |c 2159739  |d 2161669